| 000 | 00957nam a2200265Ia 4500 | ||
|---|---|---|---|
| 003 | GCL | ||
| 008 | 140319s9999 xx 000 0 ara d | ||
| 040 |
_aGCL / _cGCL |
||
| 082 | 0 | 4 |
_aد _b050 |
| 100 | 1 | _aاللجنه العالمية للبيئة والتنمي | |
| 245 | 1 | 0 |
_aمستقبلنا المشترك (عالم المعرفة 142) / _cاللجنه العالمية للبيئة والتنمي |
| 700 | 1 | _aمحمد كمال عارف | |
| 700 | 1 | _aعلى حسين حجاج (مراجع ) | |
| 260 |
_aالكويت : _bالمجلس الوطنى للثقافة والفنون والاداب ، _c1989 |
||
| 300 |
_a514 ص ؛ _c20 سم |
||
| 490 |
_aعالم المعرفة _v142 |
||
| 650 | 0 | 4 | _aالبيئة |
| 650 | 0 | 4 | _aالعلم |
| 650 | 0 | 4 | _aحماية البيئة |
| 650 | 0 | 4 | _aالتنمية الاجتماعية |
| 650 | 0 | 4 | _aالتلوث |
| 650 | 0 | 4 | _aالمستقبلية |
| 650 | 0 | 4 | _aالمستقبل |
| 942 |
_2ddc _cBK |
||
| 999 |
_c36042 _d36042 |
||